000 nam a22 7a 4500
999 _c2397
_d2397
005 20170516115623.0
008 170516b1977 enk||||| |||| 00| 0 eng d
020 _a0226870316
040 _aAKMAL
082 _a523.1 WAL
090 _a523.1
_bWAL
100 _aRobert M. Wald
_94993
245 _aSpace, TIme and Gravity :
_bThe Theory of the Big Bang and Black Holes /
_cRobert M. Wald
260 _aChicago :
_aLondon :
_bThe University of Chicago Press
_c1977
300 _a131p
_ccm
500 _aIncludes Index
942 _2ddc
_cBOOK